• 首页
  • 本馆介绍
  • 公告通知
  • 最新文献
  • 馆藏检索
  • 电子资源
  • 读者导购
  • 参考咨询
  • 我的图书馆
  • 登录
  • 详细信息显示
  • 放入我的书架
  • 预约/预借图书
  • 作者相关作品
  • 分类相关作品
  • 丛书相关作品
  • 出版社相关作品

书目信息

  • 表格格式
  • 工作单格式
  • 卡片格式
题名:
新课程理念下的创新教学设计
    
 
作者: ;中国教育学会 组织编写
分册:   小学英语
出版信息: 长春   东北师范大学出版社  2003
页数: 216页
开本: 21cm
丛书名: 小学英语教师继续教育丛书
单 册:
中图分类: G632.421 , G623.2
科图分类:
主题词: 英语--课堂教学--设计--小学 , 英语 , 课堂教学
电子资源:
ISBN: 7-5602-3443-7
000 01053oam2 2200301 450
001 1566921235
005 20150131183553.84
010    @a7-5602-3443-7@dCNY9.00
100    @a20030922d2003 em y0chiy50 ea
101 0  @achi@aeng
102    @aCN@b220000
105    @ay z 000yy
200 1  @a新课程理念下的创新教学设计@9xin ke cheng li nian xia de chuang xin jiao xue she ji@i小学英语@f中国教育学会外语教学专业委员会组织编写
210    @a长春@c东北师范大学出版社@d2003
215    @a216页@d21cm
225 2  @a小学英语教师继续教育丛书
300    @a东师教材
308    @a丛书第二辑
330    @a本书内分英语课程改革的理念与方法以及新课程理念指导下的小学英语教学设计两大部分内容,其中收录了25位教师的展评课的教案。
461  0 @12001 @a小学英语教师继续教育丛书
606 0  @a英语@x课堂教学@x设计@x小学
606 0  @a英语
606 0  @a课堂教学
690    @aG632.421@v5
690    @aG623.2@v4
711 02 @a中国教育学会@9zhong guo jiao yu xue hui@b外语教学专业委员会@4组织编写
801  0 @aCN@bTSSF@c20150131
905    @aZUCC@dG623.2@eJY256
    
    新课程理念下的创新教学设计.小学英语/中国教育学会外语教学专业委员会组织编写.-长春:东北师范大学出版社,2003
    216页;21cm.-(小学英语教师继续教育丛书)
    东师教材
    
    ISBN 7-5602-3443-7:CNY9.00
    本书内分英语课程改革的理念与方法以及新课程理念指导下的小学英语教学设计两大部分内容,其中收录了25位教师的展评课的教案。
●
相关链接 在E读中查询图书 在五车中查询图书 在当当中查询图书 在豆瓣中查询图书


正题名:新课程理念下的创新教学设计     索取号:G623.2/JY256         预约/预借

序号 登录号 条形码 馆藏地/架位号 状态 备注
1 7848004   278480047   学院路分馆/ [索取号:G623.2/JY256] 在馆    
唐山师范学院图书馆 欢迎您!
大连网信软件有限公司© 版权所有